La quinta disciplina: el arte y la práctica de la organización abierta al aprendizaje (Registro nro. 1017)
[ vista simple ]
| 000 -Cabecera | |
|---|---|
| Campo de control de longitud fija | 01398aam a2200385 4500 |
| 005 - Fecha y hora de la última transacción | |
| Campo de control | 20250819161658.0 |
| 008 - Elementos de longitud fija--Información general | |
| Campo de control de longitud fija | 150325b xxu||||| |||| 00| 0 spa d |
| 020 ## - International Standard Book Number | |
| Número Internacional Estándar del Libro (ISBN) | 8475773516 |
| 041 ## - Idioma | |
| Código de idioma | Español |
| 082 ## - Clasificación Decimal Dewey | |
| Número de clasificación | 658.409.2 SE476q |
| 100 ## - Entrada principal--Autor personal | |
| Nombre personal | Senge, Peter |
| 9 (RLIN) | 22318 |
| 245 ## - Título propiamente dicho | |
| Título | La quinta disciplina: el arte y la práctica de la organización abierta al aprendizaje |
| 260 ## - Pie de imprenta | |
| Lugar de publicación, distribución, etc. | España |
| 260 ## - Pie de imprenta | |
| Nombre del editor, distribuidor, etc. | Ediciones Granica |
| 260 ## - Pie de imprenta | |
| Fecha de publicación, distribución, etc. | 1992 |
| 300 ## - Descripción física | |
| Extensión | 490 páginas |
| 490 ## - Serie | |
| Título de la Serie | Dirección y Administración de empresas |
| 505 ## - Nota de contenido | |
| Nota de contenido | Parte I. Nuestros actos crean la realidad y pueden cambiarla.<br/>Parte II. La quinta disciplina, piedra angular de la organización inteligente.<br/>Parte III. Las disciplinas centrales: construyendo la organización inteligente.<br/>Parte IV. Prototipos<br/>Parte V. CODA |
| 650 ## - Materia general | |
| Temática (materia general) | LIDERAZGO EJECUTIVO |
| 650 ## - Materia general | |
| Temática (materia general) | ADMINISTRACIÓN DE EMPRESAS |
| 650 ## - Materia general | |
| Temática (materia general) | PROBLEMAS DE APRENDIZAJE |
| 650 ## - Materia general | |
| Temática (materia general) | LEYES DE LA QUINTA DISCIPLINAS |
| 650 ## - Materia general | |
| Temática (materia general) | ORGANIZACIONES INTELIGENTES |
| 650 ## - Materia general | |
| Temática (materia general) | MODELOS MENTALES |
| 650 ## - Materia general | |
| Temática (materia general) | VISIÓN COMPARTIDA |
| 650 ## - Materia general | |
| Temática (materia general) | DOMINIO PERSONAL |
| 650 ## - Materia general | |
| Temática (materia general) | APRENDIZAJE EN EQUIPO |
| 650 ## - Materia general | |
| Temática (materia general) | MICROMUNDOS |
| 650 ## - Materia general | |
| Temática (materia general) | LA TECNOLOGÍA DE LA ORGANIZACIÓN INTELIGENTE |
| 650 ## - Materia general | |
| Temática (materia general) | LA NUEVA FUNCIÓN DEL LÍDER |
| 650 ## - Materia general | |
| Temática (materia general) | TRABAJO EN EQUIPO |
| 650 ## - Materia general | |
| Temática (materia general) | TECNOLOGÍA |
| 650 ## - Materia general | |
| Temática (materia general) | LIDER |
| 942 ## - Punto de acceso adicional KOHA | |
| Tipo de ítem KOHA | Literatura |
| Fuente del sistema de clasificación o colocación | Dewey Decimal Classification |
| Signatura completa | Código de barras | Programa Académico | Tipo de ítem |
|---|---|---|---|
| 658.409.2 SE476q | 8684 | Dirección y Administración de Empresas | Literatura |
| 658.409.2 SE476q | 8685 | Dirección y Administración de Empresas | Literatura |
| 658.409.2 SE476q | 8686 | Dirección y Administración de Empresas | Literatura |
| 658.409.2 SE476q | 8700 | Dirección y Administración de Empresas | Literatura |
| 658.409.2 SE476q | 9059 | Dirección y Administración de Empresas | Literatura |
| 658.409.2 SE476q | 9110 | Literatura | |
| 658.409.2 SE476q | 9111 | Dirección y Administración de Empresas | Literatura |
| 658.409.2 SE476q | 9112 | Dirección y Administración de Empresas | Literatura |
| 658.409.2 SE476q | 9113 | Dirección y Administración de Empresas | Literatura |
| 658.409.2 SE476q | 9114 | Dirección y Administración de Empresas | Literatura |
| 658.409.2 SE476q | 11591 | Dirección y Administración de Empresas | Literatura |
| 658.409.2 SE476q | 13459 | Dirección y Administración de Empresas | Literatura |
| 658.409.2 SE476q | 13460 | Dirección y Administración de Empresas | Literatura |
| 658.409.2 SE476q | 14019 | Dirección y Administración de Empresas | Literatura |